Ciencias sociales y filosofía.

Salvato in:
Dettagli Bibliografici
Autore principale: Rico Bovio, Arturo (autor)
Natura: Libro
Lingua:spagnolo
Serie:(Deslinde ; no. 95)
Soggetti:
Tags: Aggiungi Tag
Nessun Tag, puoi essere il primo ad aggiungerne!!

MARC

LEADER 00000cam^a2200000uu^4500
001 000467687
005 20250521000000.0
008 050901s1977^^^^^^^^^^^^rd^r^^000^0^spa^d
009 20260310124452.323
035 |a FCE 000010404 
035 |a FCE 030730 
037 |a Acervo ITESO - Biblioteca 
041 |a spa 
082 0 4 |a 378.008  |b DES 95/77 
100 |a Rico Bovio, Arturo  |e (autor) 
245 1 0 |a Ciencias sociales y filosofía. 
264 |a México :  |b UNAM : CESU,  |c 1977. 
300 |a 12 p. 
336 |a texto  |b txt  |2 rdacontenido 
337 |a sin mediación  |b n  |2 rdamedio 
338 |a volumen  |b nc  |2 rdasoporte 
440 0 |a (Deslinde ;  |v no. 95) 
649 |a XX 
650 |a Teoría 
650 |a Ciencias sociales 
650 |a Filosofía de la ciencia 
740 |g no. 95, 1977  |t Deslinde. 
910 |a Fondo Centro de Estudios Educativos 
920 |a Impresos - Libros 
930 |a Fondos Especiales 
905 |a 133 
901 |a ALE030730  |b IT2  |c CEE  |u 20250521 
902 |a https://opac.biblio.iteso.mx/vufind/Record/000467687